000 00853nam a2200313 c 4500
001
003 DO-SdBNP
005 20180222134236.0
008 120412s1991 ec a | |||| 000 1 spa
015 _a
017 _a
_b
020 _a9978801103
035 _a(OCoLC)
040 _aBPMSU
_bspa
_cBPMSU
_e dr
080 _a
082 4 _axxx
_bxxx
100 _aEsopo, Fedro
245 1 0 _aFábulas de autores clásicos /
_cEsopo-Fedro ; adaptación del texto Graciela Eldredge C.
260 _aEcuador :
_bLibresa,
_c1991.
300 _a 68 p. :
_bil ;
_c20 cm
336 _a
_2
337 _a
_2
490 0 _a Clásicos de siempre
_v24
700 1 _aEldredge C., Graciela
_eadap.
830 _a Clásicos de siempre
_v24
942 _2ddc
_cBK
945 _aInventariado, 2018/ YL
956 _a VMATEO
_b10
_c20170116
_dBPMSU
_f0069
999 _c12482
_d12482